Statistics for Disney's Frozen Quiz

Click here to take the quiz!

General Stats

  • This quiz has been taken 13,418 times
    (7,099 since last reset)
  • The average score is 12 of 27

Answer Stats

HintAnswer% Correct
The youngest princess of ArendelleAnna
99%
The oldest princess/queen of ArendelleElsa
99%
The happy snowmanOlaf
97%
The one who wanted to marry into the throneHans
88%
The man's reindeerSven
87%
The man who's been with his reindeer foreverKristoff
78%
The man's family or the "love experts"Trolls
76%
How many brothers did the one who wanted to marry in the throne have?12
67%
Let it go, Let it go! Can't ____ __ ____ _______!hold it back anymore
67%
Some people are worth _______ ___.melting for
54%
Oh, look at that. I've ____ _______! *laugh*been impaled
39%
Love is an open door! It's crazy, _____? We finish each other's __________!what sandwiches
37%
The youngest princess's voiceKristen Bell
35%
The oldest princess's voiceIdina Menzel
33%
For the first time in forever, There'll be _____, There'll be ______!music, light
33%
Let's go kiss Hans! Who __ ____ ____?is this Hans
31%
I don't have a skull, __ _____.or bones
31%
The sky's awake, so I'm awake, so __ ____ __ ____!we have to play
31%
What the oldest princess made when the youngest princess came. (The name.)Marshmallow
25%
The man who wanted to learn all of Arendelle's secretsDuke of Weselton
24%
And who's the funky looking donkey over there? ___ _____ ___ ________?and who's the reindeer
17%
Do you think she knows ___ __ _____?how to knock
15%
It's my own ________ ______! *giggles*personal flurry
13%
It's like a little ____ _______!!baby unicorn
12%
(The youngest princess's name here), ______ __ ____ ____! Your life awaits.please go back home
10%
Why are you guys hanging off the _____ ____ _ ___?earth like a bat
9%
I can't wait to see ____ __ _______ ___ think of me!what my buddies will
5%

Score Distribution

Percentile by Number Answered

Percent of People with Each Score

Your Score History

You have not taken this quiz since the last reset